Nombre 3 - Culture générale - Statistiques

Statistiques générales
  • Ce quiz a été pris 14 667 fois
  • Le résultat moyen est 14 sur 20
Statistiques - réponses
Indice Réponse % Correct
On en est haut comme 3 lorsque l'on est pas bien grand pommes
96%
Conte où le loup détruit les maisons de paille et de bois mais pas celle de briques Les Trois Petits Cochons
95%
Estrade sur laquelle sont récompensés les 3 premiers d'une compétition podium
93%
Arme qui est l'attribut du dieu grec Poséidon trident
92%
Somme des angles d'un triangle, en degrés 180
89%
Animal à qui ça ne casse pas 3 pattes lorsque cela n'est pas extraordinaire canard
86%
Balthazar, Gaspard et Melchior Rois mages
83%
Véhicule à 3 roues, souvent destiné aux enfants tricycle
81%
Il possède 3 neveux, Riri, Fifi et Loulou Donald Duck
76%
Ensemble de 3 œuvres trilogie
76%
Auteur du roman Les Trois Mousquetaires Alexandre Dumas
75%
Sous l'Ancien Régime, ensemble des personnes n'appartenant ni à la noblesse ni au clergé tiers état
73%
Héroïne de conte pénétrant dans une maison appartenant à 3 ours Boucle d'or
69%
Chanson enfantine qui mentionne un chapeau d'paille et un paillasson Trois Petits Chats
66%
Trio comique français ayant notamment réalisé Les Trois Frères Les Inconnus
64%
Troisième couleur primaire en synthèse soustractive avec le jaune et le magenta cyan
59%
Troisième membre du premier triumvirat aux côtés de Crassus et Pompée Jules César
33%
Dans les jeux vidéo Zelda, relique représentant les 3 déesses d’or Triforce
30%
Entreprise spécialisée dans la vente en ligne connue pour son catalogue de vente par correspondance 3 Suisses
25%
3 déesses infernales de la mythologie greco-romaine, du nom d'Alecto, Mégère et Tisiphone Furies | Érinyes
11%
Aucun quiz correspondant
Distribution des résultats
% des personnes avec chaque résultat
Percentile par nombre de réponses
Votre historique - résultats
Vous n’avez pas pris ce quiz